Introduction to statistics

Saved in:
Bibliographic Details
Main Author: Milton, J. Susan (Janet Susan)
Other Authors: Corbet, J. J. (James J.), McTeer, P. M.
Format: Book
Language:English
Published: Lexington, Mass. : D.C. Heath, c1986
Subjects:
Tags: Add Tag
No Tags, Be the first to tag this record!

MARC

LEADER 00000nam a2200000 i 4500
001 1/32652
008 950730s1986 eng d
020 |a 066906209X 
035 |l 10023794 
040 |a GR-MY-UA  |b gre  |e aacr 
041 0 |a eng 
082 0 |a 519.5  |2 (19) 
100 1 |a Milton, J. Susan  |q (Janet Susan) 
245 1 0 |a Introduction to statistics /  |c J.S. Milton, J.J. Corbet, P.M. McTeer 
260 |a Lexington, Mass. :   |b D.C. Heath,   |c c1986 
300 |a xiii, 517, A 76 p.;  |b ill. (some col.);  |c 24 cm 
500 |a Includes index 
504 |a Bibliography: p. A31-A32 
650 0 0 |a Statistics. 
700 1 |a Corbet, J. J.  |q (James J.) 
700 1 |a McTeer, P. M. 
852 |a INST  |b CHIOS  |e 19950730  |h 519.5 MIL  |p 005200006313  |q 005200006313  |t BK  |y 0 
909 |a Χ  |b 032680